000 00769nam a2200229Ia 4500
003 GCL
008 140319s9999 xx 000 0 ara d
040 _aGCL /
_cGCL
082 0 4 _a973
_bر ر
100 1 _aصلاح الدين الشريف (مترجم)
245 1 0 _aرحلة امريكية /
_cصلاح الدين الشريف (مترجم)
700 1 _aريفز، ريتشارد
260 _a[S.N] :
_bالدار الدولية للنشر والتوزيع ،
_c1991
300 _a488 ص
490 _a
650 0 4 _aالاحوال الاجتماعية
650 0 4 _aالاحوال السياسية
650 0 4 _aالولايات المتحدة الامريكية
650 0 4 _aتاريخ حديث
650 0 4 _aالديمقراطية
942 _2ddc
_cBK
999 _c54259
_d54259